| 000 | 00653nam a2200289Ia 4500 | ||
|---|---|---|---|
| 005 | 20260324150705.0 | ||
| 008 | 008 260324s9999 xx 000 0 eng d | ||
| 020 | _a9781003607526 | ||
| 037 | _aEBOOK | ||
| 040 | _aCRL | ||
| 040 | _beng | ||
| 040 | _cCRL | ||
| 041 | _2eng | ||
| 041 | _aeng | ||
| 084 | _qCRL | ||
| 100 |
_aA. J. Grant _91227279 |
||
| 245 | 2 | _aA History of Europe | |
| 245 | 0 | _bFrom 1494 to 1610 | |
| 260 | _bTaylor and Francis | ||
| 260 | _c1952 | ||
| 365 | _a | ||
| 365 | _b135 | ||
| 856 | _uhttp://www.taylorfrancis.com/books/9781003607526 | ||
| 942 | _cEBOOK | ||
| 999 |
_c1837188 _d1837188 |
||